|
|
|
|
| LEADER |
01097nam a2200289 a 4500 |
| 001 |
AAL1573 |
| 003 |
BD-DhAAL |
| 005 |
20160210171817.0 |
| 008 |
150210s1996 ilua b 000 0 eng |
| 010 |
|
|
|a 95022607
|
| 020 |
|
|
|a 0256203687
|
| 040 |
|
|
|a DLC
|c DLC
|d DLC
|d BD-DhAAL
|
| 050 |
0 |
0 |
|a HF5387
|b .S566 1996
|
| 082 |
0 |
0 |
|a 174/.4
|2 20
|
| 999 |
|
|
|c 33637
|d 33637
|
| 999 |
|
|
|c 33637
|
| 100 |
1 |
|
|a Sikula, Andrew F.
|9 8173
|
| 245 |
1 |
0 |
|a Applied management ethics /
|c Andrew Sikula, Sr.
|
| 260 |
|
|
|a Chicago :
|b Irwin,
|c c1996.
|
| 300 |
|
|
|a xv, 160 p. :
|b ill. ;
|c 28 cm.
|
| 504 |
|
|
|a Includes bibliographical references.
|
| 541 |
|
|
|e 1573
|
| 650 |
|
0 |
|a Business ethics.
|9 8174
|
| 650 |
|
0 |
|a Management
|x Moral and ethical aspects.
|9 8175
|
| 942 |
|
|
|2 ddc
|c BK
|
| 952 |
|
|
|0 0
|1 0
|2 ddc
|4 0
|6 174_400000000000000_SIK
|7 0
|9 52531
|a SCL
|b SCL
|c GEN
|d 2015-02-10
|e Gift: The Asia Foundation
|l 0
|o 174.4 SIK
|p 3020001573
|r 2015-02-10
|t 1
|w 2015-02-10
|y BK
|
| 952 |
|
|
|0 0
|1 0
|2 ddc
|4 0
|6 174_400000000000000_SIK
|7 0
|9 52559
|a SCL
|b SCL
|c GEN
|d 2015-02-11
|e Gift: The Asia Foundation
|l 0
|o 174.4 SIK
|p 3020001572
|r 2015-02-11
|t 2
|w 2015-02-11
|y BK
|